Statistics for Hardest Pokémon Quiz

Click here to take the quiz!

General Stats

  • This quiz has been taken 3,221 times
  • The average score is 6 of 10

Answer Stats

QuestionAnswer% Correct
Which of these are not in Hoenn?Regigigas
92%
Which city is not in Kanto?Eterna City
86%
Which Pokémon game is fake?Pokémon Delta Emerald
82%
How many Pokémon are there? (as of 2019)809
63%
Which spelling is correct?Feraligatr
62%
Which Pokémon is Mythical?Deoxys
53%
Which company makes Pokémon?Gamefreak
47%
Which one is a real gym leader?Drayden
40%
Which is not a real Eeveelution?Vapreon
36%
What is the real name of Pokémon?Pocket Monsters
25%

Score Distribution

Percentile by Number Answered

Percent of People with Each Score

Your Score History

You have not taken this quiz